Rethinking pedagogy for a digital age : designing for 21st century learning /
Guardado en:
| Otros Autores: | , |
|---|---|
| Formato: | Libro |
| Idioma: | English |
| Publicado: |
New York :
Routledge,
2013.
|
| Edición: | 2nd ed. |
| Materias: | |
| Etiquetas: |
Agregar Etiqueta
Sin Etiquetas, Sea el primero en etiquetar este registro!
|
| LEADER | 01316cam a2200373 a 4500 | ||
|---|---|---|---|
| 001 | EUN.eunm005752 | ||
| 005 | 20151124082947.0 | ||
| 008 | 121017s2013####nyua#####b####001#0#eng## | ||
| 010 | |a 2012034251 | ||
| 020 | |a 9780415539975 (rústica) | ||
| 020 | |a 9780415539968 (tapa dura) | ||
| 020 | |a 9780203078952 (e-book) | ||
| 040 | |a DLC |b eng |c DLC |e rda |d DLC |d AR-BaUNS | ||
| 050 | 0 | 0 | |a LB1028.5 |b .R44 2013 |
| 082 | 0 | 4 | |a 371.334 |2 21 |
| 082 | 0 | 0 | |a 371.33/4 |2 23 |
| 084 | |a EDU041000 |2 bisacsh | ||
| 245 | 0 | 0 | |a Rethinking pedagogy for a digital age : |b designing for 21st century learning / |c edited by Helen Beetham and Rhona Sharpe. |
| 250 | |a 2nd ed. | ||
| 260 | |a New York : |b Routledge, |c 2013. | ||
| 300 | |a xxiv, 324 p. : |b il. ; |c 24 cm. | ||
| 336 | |a text |2 rdacontent | ||
| 337 | |a unmediated |2 rdamedia | ||
| 338 | |a volume |2 rdacarrier | ||
| 500 | |a Ed. anterior: 2007. | ||
| 504 | |a Incluye referencias bibliográficas e índice. | ||
| 650 | 7 | |a Educación. |2 unbist | |
| 650 | 7 | |a Enseñanza asistida por ordenador. |2 abne | |
| 650 | 7 | |a Métodos pedagógicos. |2 unbist | |
| 650 | 7 | |a Enseñanza a distancia. |2 unbist | |
| 653 | |a Planificación curricular | ||
| 700 | 1 | |a Beetham, Helen, |d 1967- |4 edt | |
| 700 | 1 | |a Sharpe, Rhona, |d 1969. |4 edt | |
| 859 | |a AR-BaUNS |b BIB. CENTRAL - Sector A |h 371.334 |i B393 |p 124889/015 | ||
